Title in the Lyrics -- Songs That Start With N - Statistics

General Stats
  • This quiz has been taken 776 times
  • The average score is 5 of 15
Answer Stats
Lyrics Title % Correct
But nothing / I said nothing can take away these blues / Cause nothing compares / _______ ________ __ ___ Nothing Compares 2U
70%
It's a quarter after one / I'm a little drunk / And I ____ ___ ___ Need You Now
66%
Beautiful girls, all over the world / I could be chasin' but my time would be wasted / They got _______ __ ___, baby Nothin' On You
66%
__ ___, __ ___, __ ___ / Can get in the way of what I'm feeling / __ ___, __ ___, __ ___ / Can get in the way of what I feel for you No One
42%
We gon party all night: __ _____ / Tell the owner them is all my guys / So tonight everything is on me / The drinks is on me No Sleep
31%
If I can make it there, I'll make it anywhere / It's up to you, ___ _____ ___ ____ New York, New York
30%
I'm ___ ______ (I'm ___ ______) / To take a stand (to take a stand) / Everybody (everybody) / Come take my hand (come take my hand) Not Afraid
30%
Waking up before I get to sleep / 'Cause I'll be rocking this party eight days a week / No sleep till / __ _____ ____ ________ No Sleep Till Brooklyn
24%
______ _____ ___ _______ ____ ____ / Nobody knows my sorrow Nobody Knows the Trouble I've Seen
23%
Ye ain't never told __ ___ / Ye ain't never told __ ___ / That's a thing I don't do No Lie
18%
I will _____ ___ _____ (I will fight) / I will fight till forever! (make it right) Never Say Never
14%
Into a place where thoughts can bloom / Into a room where it's ____ __ ___ _________ Nine In the Afternoon
14%
________ _______! / I gotta work it! / Again and again 'til I get it right Nobody's Perfect
12%
Workin' on our _____ _____ / Tryin' to lose the awkward teenage blues / Workin' on our _____ _____ / And it was summertime Night Moves
10%
There's __ ___ ____ ___ / I can't wait for the nights with you / I imagine the things we'll do / I just wanna be loved by you No One Like You
8%
No matching quizzes found
Score Distribution
Percent of People with Each Score
Percentile by Number Answered
Your Score History
You have not taken this quiz